<?xml version="1.0" encoding="UTF-8"?>
<record
    xmlns:xsi="http://www.w3.org/2001/XMLSchema-instance"
    xsi:schemaLocation="http://www.loc.gov/MARC21/slim http://www.loc.gov/standards/marcxml/schema/MARC21slim.xsd"
    xmlns="http://www.loc.gov/MARC21/slim">

  <leader>00824cam a2200289 i 4500</leader>
  <controlfield tag="003">DO-SdBNP</controlfield>
  <controlfield tag="005">20240625103959.0</controlfield>
  <controlfield tag="008">100514s 1989 sp a    | |||| 000 spa  </controlfield>
  <datafield tag="015" ind1=" " ind2=" ">
    <subfield code="a"> </subfield>
  </datafield>
  <datafield tag="017" ind1=" " ind2=" ">
    <subfield code="a"> </subfield>
    <subfield code="b"> </subfield>
  </datafield>
  <datafield tag="020" ind1=" " ind2=" ">
    <subfield code="a">8424120701 (obra completa)</subfield>
  </datafield>
  <datafield tag="035" ind1=" " ind2=" ">
    <subfield code="a"> </subfield>
  </datafield>
  <datafield tag="040" ind1=" " ind2=" ">
    <subfield code="a">BPMSU</subfield>
    <subfield code="b">spa</subfield>
    <subfield code="c">BPMSU</subfield>
    <subfield code="e"> </subfield>
  </datafield>
  <datafield tag="080" ind1=" " ind2=" ">
    <subfield code="a"> </subfield>
  </datafield>
  <datafield tag="082" ind1=" " ind2="4">
    <subfield code="a">R036.1</subfield>
    <subfield code="b">E56n 1989</subfield>
    <subfield code="2">22</subfield>
  </datafield>
  <datafield tag="100" ind1="1" ind2=" ">
    <subfield code="a">Paton, John</subfield>
  </datafield>
  <datafield tag="245" ind1="1" ind2="0">
    <subfield code="a"> Enciclopedia de los ni&#xF1;os /</subfield>
    <subfield code="c">John Paton.</subfield>
    <subfield code="h"> </subfield>
  </datafield>
  <datafield tag="260" ind1=" " ind2=" ">
    <subfield code="a">Barcelona :</subfield>
    <subfield code="b">Editorial Everest, </subfield>
    <subfield code="c">1989</subfield>
  </datafield>
  <datafield tag="300" ind1=" " ind2=" ">
    <subfield code="a">8 v. p.:</subfield>
    <subfield code="b">il. ;</subfield>
    <subfield code="c">27 cm.</subfield>
  </datafield>
  <datafield tag="505" ind1=" " ind2=" ">
    <subfield code="a">v.1 Abaco-Ave. -- v.2 Avestruz-Ciencia. </subfield>
  </datafield>
  <datafield tag="506" ind1=" " ind2=" ">
    <subfield code="a"> </subfield>
  </datafield>
  <datafield tag="590" ind1=" " ind2=" ">
    <subfield code="a">Inventariado, 2024/VM</subfield>
  </datafield>
  <datafield tag="650" ind1=" " ind2="4">
    <subfield code="a"> Enciclopedia y diccionarios para ni&#xF1;os</subfield>
  </datafield>
  <datafield tag="650" ind1=" " ind2="4">
    <subfield code="a">Libros ilustrados infantiles</subfield>
  </datafield>
  <datafield tag="910" ind1=" " ind2=" ">
    <subfield code="a">VMateo V. Control de calidad. BPMSU</subfield>
  </datafield>
  <datafield tag="942" ind1=" " ind2=" ">
    <subfield code="2">ddc</subfield>
    <subfield code="c">BK</subfield>
  </datafield>
  <datafield tag="952" ind1=" " ind2=" ">
    <subfield code="0">0</subfield>
    <subfield code="1">0</subfield>
    <subfield code="2">ddc</subfield>
    <subfield code="4">0</subfield>
    <subfield code="7">0</subfield>
    <subfield code="8">CI-G</subfield>
    <subfield code="a">BPMET</subfield>
    <subfield code="b">BPMET</subfield>
    <subfield code="d">2024-06-25</subfield>
    <subfield code="l">0</subfield>
    <subfield code="o">BPMSU CGRI R036.1 P312e 1989</subfield>
    <subfield code="p">BPMSU24060088</subfield>
    <subfield code="r">2024-06-25</subfield>
    <subfield code="t">v.1</subfield>
    <subfield code="w">2024-06-25</subfield>
    <subfield code="y">BK</subfield>
  </datafield>
  <datafield tag="952" ind1=" " ind2=" ">
    <subfield code="0">0</subfield>
    <subfield code="1">0</subfield>
    <subfield code="2">ddc</subfield>
    <subfield code="4">0</subfield>
    <subfield code="7">0</subfield>
    <subfield code="8">CI-G</subfield>
    <subfield code="a">BPMET</subfield>
    <subfield code="b">BPMET</subfield>
    <subfield code="d">2024-06-25</subfield>
    <subfield code="l">0</subfield>
    <subfield code="o">BPMSU CGRI R036.1 P312e 1989</subfield>
    <subfield code="p">BPMSU24060089</subfield>
    <subfield code="r">2024-06-25</subfield>
    <subfield code="t">v.2</subfield>
    <subfield code="w">2024-06-25</subfield>
    <subfield code="y">BK</subfield>
  </datafield>
  <datafield tag="952" ind1=" " ind2=" ">
    <subfield code="0">0</subfield>
    <subfield code="1">0</subfield>
    <subfield code="2">ddc</subfield>
    <subfield code="4">0</subfield>
    <subfield code="7">0</subfield>
    <subfield code="8">CI-G</subfield>
    <subfield code="a">BPMET</subfield>
    <subfield code="b">BPMET</subfield>
    <subfield code="d">2024-06-25</subfield>
    <subfield code="l">0</subfield>
    <subfield code="o">BPMSU CGRI R036.1 P312e 1989</subfield>
    <subfield code="p">BPMSU24060090</subfield>
    <subfield code="r">2024-06-25</subfield>
    <subfield code="t">v.3</subfield>
    <subfield code="w">2024-06-25</subfield>
    <subfield code="y">BK</subfield>
  </datafield>
  <datafield tag="952" ind1=" " ind2=" ">
    <subfield code="0">0</subfield>
    <subfield code="1">0</subfield>
    <subfield code="2">ddc</subfield>
    <subfield code="4">0</subfield>
    <subfield code="7">0</subfield>
    <subfield code="8">CI-G</subfield>
    <subfield code="a">BPMET</subfield>
    <subfield code="b">BPMET</subfield>
    <subfield code="d">2024-06-25</subfield>
    <subfield code="l">0</subfield>
    <subfield code="o">BPMSU CGRI R036.1 P312e 1989</subfield>
    <subfield code="p">BPMSU24060091</subfield>
    <subfield code="r">2024-06-25</subfield>
    <subfield code="t">v.4</subfield>
    <subfield code="w">2024-06-25</subfield>
    <subfield code="y">BK</subfield>
  </datafield>
  <datafield tag="952" ind1=" " ind2=" ">
    <subfield code="0">0</subfield>
    <subfield code="1">0</subfield>
    <subfield code="2">ddc</subfield>
    <subfield code="4">0</subfield>
    <subfield code="7">0</subfield>
    <subfield code="8">CI-G</subfield>
    <subfield code="a">BPMET</subfield>
    <subfield code="b">BPMET</subfield>
    <subfield code="d">2024-06-25</subfield>
    <subfield code="l">0</subfield>
    <subfield code="o">BPMSU CGRI R036.1 P312e 1989</subfield>
    <subfield code="p">BPMSU24060092</subfield>
    <subfield code="r">2024-06-25</subfield>
    <subfield code="t">v.5</subfield>
    <subfield code="w">2024-06-25</subfield>
    <subfield code="y">BK</subfield>
  </datafield>
  <datafield tag="952" ind1=" " ind2=" ">
    <subfield code="0">0</subfield>
    <subfield code="1">0</subfield>
    <subfield code="2">ddc</subfield>
    <subfield code="4">0</subfield>
    <subfield code="7">0</subfield>
    <subfield code="8">CI-G</subfield>
    <subfield code="a">BPMET</subfield>
    <subfield code="b">BPMET</subfield>
    <subfield code="d">2024-06-25</subfield>
    <subfield code="l">0</subfield>
    <subfield code="o">BPMSU CGRI R036.1 P312e 1989</subfield>
    <subfield code="p">BPMSU24060093</subfield>
    <subfield code="r">2024-06-25</subfield>
    <subfield code="t">v.6</subfield>
    <subfield code="w">2024-06-25</subfield>
    <subfield code="y">BK</subfield>
  </datafield>
  <datafield tag="952" ind1=" " ind2=" ">
    <subfield code="0">0</subfield>
    <subfield code="1">0</subfield>
    <subfield code="2">ddc</subfield>
    <subfield code="4">0</subfield>
    <subfield code="7">0</subfield>
    <subfield code="8">CI-G</subfield>
    <subfield code="a">BPMET</subfield>
    <subfield code="b">BPMET</subfield>
    <subfield code="d">2024-06-25</subfield>
    <subfield code="l">0</subfield>
    <subfield code="o">BPMSU CGRI R036.1 P312e 1989</subfield>
    <subfield code="p">BPMSU24060094</subfield>
    <subfield code="r">2024-06-25</subfield>
    <subfield code="t">v.7</subfield>
    <subfield code="w">2024-06-25</subfield>
    <subfield code="y">BK</subfield>
  </datafield>
  <datafield tag="952" ind1=" " ind2=" ">
    <subfield code="0">0</subfield>
    <subfield code="1">0</subfield>
    <subfield code="2">ddc</subfield>
    <subfield code="4">0</subfield>
    <subfield code="7">0</subfield>
    <subfield code="8">CI-G</subfield>
    <subfield code="a">BPMET</subfield>
    <subfield code="b">BPMET</subfield>
    <subfield code="d">2024-06-25</subfield>
    <subfield code="l">0</subfield>
    <subfield code="o">BPMSU CGRI R036.1 P312e 1989</subfield>
    <subfield code="p">BPMSU24060095</subfield>
    <subfield code="r">2024-06-25</subfield>
    <subfield code="t">v.8</subfield>
    <subfield code="w">2024-06-25</subfield>
    <subfield code="y">BK</subfield>
  </datafield>
  <datafield tag="952" ind1=" " ind2=" ">
    <subfield code="0">0</subfield>
    <subfield code="1">0</subfield>
    <subfield code="2">ddc</subfield>
    <subfield code="4">0</subfield>
    <subfield code="7">0</subfield>
    <subfield code="8">CI-G</subfield>
    <subfield code="a">BPMET</subfield>
    <subfield code="b">BPMET</subfield>
    <subfield code="d">2024-06-25</subfield>
    <subfield code="l">0</subfield>
    <subfield code="o">BPMSU CGRI R036.1 P312e 1989</subfield>
    <subfield code="p">BPMSU24060096</subfield>
    <subfield code="r">2024-06-25</subfield>
    <subfield code="t">v.9</subfield>
    <subfield code="w">2024-06-25</subfield>
    <subfield code="y">BK</subfield>
  </datafield>
  <datafield tag="952" ind1=" " ind2=" ">
    <subfield code="0">0</subfield>
    <subfield code="1">0</subfield>
    <subfield code="2">ddc</subfield>
    <subfield code="4">0</subfield>
    <subfield code="7">0</subfield>
    <subfield code="8">CI-G</subfield>
    <subfield code="a">BPMET</subfield>
    <subfield code="b">BPMET</subfield>
    <subfield code="d">2024-06-25</subfield>
    <subfield code="l">0</subfield>
    <subfield code="o">BPMSU CGRI R036.1 P312e 1989</subfield>
    <subfield code="p">BPMSU24060097</subfield>
    <subfield code="r">2024-06-25</subfield>
    <subfield code="t">v.10</subfield>
    <subfield code="w">2024-06-25</subfield>
    <subfield code="y">BK</subfield>
  </datafield>
  <datafield tag="999" ind1=" " ind2=" ">
    <subfield code="c">14688</subfield>
    <subfield code="d">14688</subfield>
  </datafield>
</record>
